| 000 | 00502nam a2200193Ia 4500 | ||
|---|---|---|---|
| 005 | 20250508152420.0 | ||
| 008 | 008 250505s9999 xx 000 0 eng d | ||
| 037 | _aTextual | ||
| 040 |
_aFEDL _beng _cFEDL |
||
| 041 |
_aeng _2eng |
||
| 084 |
_a370, ADA _qFEDL |
||
| 100 | _aAdams Henry | ||
| 245 | 0 | _aEducation of henry adams | |
| 260 |
_aNew York, USA _bModern Library _c1918 |
||
| 300 | _ax,505p. | ||
| 650 | _aEducation | ||
| 942 |
_cTEXL _h370, ADA |
||
| 999 |
_c1336277 _d1336277 |
||